[Event "Aalborg Larsen Memorial"]
[Site "Aalborg"]
[Date "2018.10.15"]
[Round "3"]
[White "Grabow, Pouelsten Holm"]
[Black "Hess, Christian"]
[Result "1/2-1/2"]
[WhiteElo "2127"]
[BlackElo "2225"]
[PlyCount "53"]
[EventDate "2018.10.13"]
[EventType "swiss"]
[EventRounds "7"]
[EventCountry "DEN"]
[SourceTitle "CBM 186 Extra"]
[Source "ChessBase"]
[SourceDate "2018.08.24"]
[SourceVersion "1"]
[SourceVersionDate "2018.08.24"]
[SourceQuality "1"]

1. Nf3 Nf6 2. d4 d5 3. c4 e6 4. e3 c5 5. Nc3 Nc6 6. cxd5 Nxd5 7. Bb5 Be7 8. Ne5 Bd7 9. Nxd7 Qxd7 10. 0-0 cxd4 11. exd4 0-0 12. Qf3 Nxc3 13. bxc3 Rac8 14. Bf4 Rfd8 15. Bd3 e5 16. Be3 g6 17. Bc4 Bf8 18. Bb5 exd4 19. Bxc6 Rxc6 20. Bxd4 Bg7 21. Bxg7 Kxg7 22. Rad1 Qc7 23. Rxd8 Qxd8 24. Rb1 Qd2 25. g3 Rxc3 26. Qxb7 Qxa2 27. Qe4 1/2-1/2

[Event "DEN-chT1 Gr2 1718"]
[Site "Denmark"]
[Date "2017.12.03"]
[Round "2"]
[White "Schack, Asbjorn Hovgaard"]
[Black "Grabow, Pouelsten Holm"]
[Result "1/2-1/2"]
[WhiteElo "2004"]
[BlackElo "2131"]
[PlyCount "55"]
[EventDate "2017.11.19"]
[EventType "team-tourn"]
[EventRounds "7"]
[EventCountry "DEN"]
[SourceTitle "EXT 2019"]
[Source "ChessBase"]
[SourceDate "2018.10.10"]
[SourceVersion "1"]
[SourceVersionDate "2018.10.10"]
[SourceQuality "1"]
[WhiteTeam "Haderslev"]
[BlackTeam "Fredericia"]
[WhiteTeamCountry "DEN"]
[BlackTeamCountry "DEN"]

1. d4 d5 2. c4 c6 3. Nc3 Nf6 4. e3 a6 5. Nf3 Bf5 6. cxd5 cxd5 7. Qb3 Ra7 8. Bd2 e6 9. h3 Nc6 10. Nh4 Be4 11. Rc1 Bd6 12. Nxe4 Nxe4 13. Nf3 0-0 14. Bd3 Nxd2 15. Nxd2 Qa5 16. a3 Rc8 17. Qc3 Qd8 18. Nb3 Ne7 19. Qd2 b6 20. 0-0 a5 21. Bb5 Rac7 22. Rxc7 Rxc7 23. Rc1 Rxc1+ 24. Qxc1 Qc7 25. Kf1 Qxc1+ 26. Nxc1 f6 27. Nd3 Kf7 28. f4 1/2-1/2

[Event "EU-chT Seniors 65"]
[Site "Novi Sad"]
[Date "2017.06.30"]
[Round "6.3"]
[White "Mundal, Arnold"]
[Black "Grabow, Pouelsten Holm"]
[Result "1/2-1/2"]
[WhiteElo "1928"]
[BlackElo "2117"]
[PlyCount "81"]
[EventDate "2017.06.25"]
[EventType "team-tourn"]
[EventRounds "9"]
[EventCountry "SRB"]
[SourceTitle "CBM 179 Extra"]
[Source "ChessBase"]
[SourceDate "2017.08.23"]
[SourceVersion "1"]
[SourceVersionDate "2017.08.23"]
[SourceQuality "1"]
[WhiteTeam "Norway 65"]
[BlackTeam "Denmark 65"]
[WhiteTeamCountry "NOR"]
[BlackTeamCountry "DEN"]

1. Nf3 e6 2. d4 Nf6 3. Bg5 h6 4. Bh4 c5 5. e3 Qb6 6. b3 Nc6 7. Bxf6 gxf6 8. c3 d5 9. Be2 Bd7 10. 0-0 Bd6 11. Nbd2 cxd4 12. Nxd4 Nxd4 13. exd4 Qc7 14. Nf3 Qxc3 15. Rc1 Qa5 16. Rc2 Qd8 17. Qd2 Rc8 18. Rfc1 Rxc2 19. Qxc2 Bf4 20. Re1 a6 21. g3 Qc7 22. Qb2 Bd6 23. Rc1 Qa5 24. Rc2 Ba3 25. Qa1 Ke7 26. Qd1 Rc8 27. Rxc8 Bxc8 28. Qc2 Bd7 29. Kg2 Ke8 30. Bd1 Bd6 31. Nh4 Qe1 32. Nf3 Qe4 33. Qd2 Qg6 34. Bc2 f5 35. Qa5 Qf6 36. Qc3 f4 37. Ne5 Bxe5 38. dxe5 Qg5 39. Qc7 Bc6 40. Qb8+ Kd7 41. Qd6+ 1/2-1/2

[Event "Reykjavik op"]
[Site "Reykjavik"]
[Date "2017.04.27"]
[Round "10"]
[White "Green, Per"]
[Black "Grabow, Pouelsten Holm"]
[Result "0-1"]
[WhiteElo "1966"]
[BlackElo "2135"]
[PlyCount "88"]
[EventDate "2017.04.19"]
[EventType "swiss"]
[EventRounds "10"]
[EventCountry "ISL"]
[SourceTitle "CBM 178 Extra"]
[Source "ChessBase"]
[SourceDate "2017.06.22"]
[SourceVersion "1"]
[SourceVersionDate "2017.06.22"]
[SourceQuality "1"]

1. c4 e6 2. g3 d5 3. Bg2 Nf6 4. Nf3 Be7 5. 0-0 0-0 6. d4 b6 7. cxd5 exd5 8. Nc3 Bb7 9. Bf4 Nbd7 10. Rc1 c6 11. Re1 Re8 12. Qc2 Bf8 13. Qf5 g6 14. Qc2 Rc8 15. Bh3 Ra8 16. Bg5 Be7 17. Qb3 Nf8 18. Ne5 Ne6 19. Bxe6 fxe6 20. e3 Nd7 21. Bxe7 Qxe7 22. Nxd7 Qxd7 23. f4 Rec8 24. Nd1 c5 25. Nf2 Qg7 26. Qd3 a5 27. Ng4 Ba6 28. Qd2 Rc7 29. Ne5 Rac8 30. a3 Qe7 31. Nf3 c4 32. Ne5 c3 33. Qc2 Qd6 34. Qb3 cxb2 35. Qxb2 Bc4 36. Rc3 b5 37. Rb1 Rb8 38. Qc1 Qa6 39. Qd2 b4 40. axb4 axb4 41. Nd3 Bxd3 42. Rxd3 Rc4 43. Rdb3 Qc6 44. Rxb4 Rbxb4 0-1

[Event "Reykjavik op"]
[Site "Reykjavik"]
[Date "2017.04.21"]
[Round "4"]
[White "Haraldsson, Haraldur"]
[Black "Grabow, Pouelsten Holm"]
[Result "0-1"]
[WhiteElo "1941"]
[BlackElo "2135"]
[PlyCount "100"]
[EventDate "2017.04.19"]
[EventType "swiss"]
[EventRounds "10"]
[EventCountry "ISL"]
[SourceTitle "CBM 178 Extra"]
[Source "ChessBase"]
[SourceDate "2017.06.22"]
[SourceVersion "1"]
[SourceVersionDate "2017.06.22"]
[SourceQuality "1"]

1. Nf3 g6 2. g3 Bg7 3. Bg2 c5 4. c4 Nc6 5. Nc3 Nf6 6. 0-0 0-0 7. e4 e5 8. d3 d6 9. h3 h6 10. Rb1 Be6 11. a3 Qd7 12. Kh2 Ne8 13. Bd2 f5 14. Nh4 Qf7 15. f4 exf4 16. gxf4 Nd4 17. Ne2 Kh7 18. Nxd4 Bxd4 19. b3 Rb8 20. Nf3 Bg7 21. a4 b6 22. Qe2 Nc7 23. Rbe1 Rbe8 24. Qf2 Bd7 25. Re2 fxe4 26. dxe4 Ne6 27. Qh4 Qe7 28. Qg3 Nd4 29. Nxd4 Bxd4 30. Kh1 Rf7 31. Bf3 Rg8 32. Rg2 Qe8 33. Re2 Re7 34. Rfe1 a6 35. Be3 Bxe3 36. Rxe3 g5 37. fxg5 Rxg5 38. Qxd6 Reg7 39. e5 Qg8 40. Be4+ Bf5 41. Bxf5+ Rxf5 42. Qd3 Qe6 43. Rf3 Rgg5 44. Rxf5 Rxf5 45. Qe4 Kh8 46. Qd5 Qe8 47. Re3 Qf8 48. Qd2 Rf2 49. Qd5 Rf1+ 50. Kh2 Qf4+ 0-1

[Event "DEN-ch Seniors 65+"]
[Site "Logumkloster"]
[Date "2017.02.16"]
[Round "5"]
[White "Rendlev, Niels Moller"]
[Black "Grabow, Pouelsten Holm"]
[Result "0-1"]
[WhiteElo "1800"]
[BlackElo "2123"]
[PlyCount "71"]
[EventDate "2017.02.12"]
[EventType "swiss"]
[EventRounds "7"]
[EventCountry "DEN"]
[SourceTitle "EXT 2018"]
[Source "ChessBase"]
[SourceDate "2017.10.13"]
[SourceVersion "1"]
[SourceVersionDate "2017.10.13"]
[SourceQuality "1"]

1. Nf3 Nf6 2. g3 b6 3. b3 Bb7 4. d3 e5 5. Bg2 d6 6. Bb2 Nbd7 7. Nbd2 a5 8. a4 g6 9. 0-0 h5 10. h4 Bh6 11. e4 Ng4 12. Nc4 0-0 13. Bc1 Qe7 14. Bxh6 Nxh6 15. Qd2 Kg7 16. Rfe1 Nc5 17. Ne3 Rae8 18. Rad1 Qd8 19. Qc3 f5 20. Ng5 f4 21. gxf4 Rxf4 22. Nd5 Bxd5 23. exd5 Rxh4 24. Nf3 Rf4 25. Re3 Nf5 26. Nxe5 Qf6 27. d4 Nxe3 28. fxe3 Rf5 29. e4 Rf4 30. Nd3 Nxd3 31. cxd3 Qh4 32. Qxc7+ Re7 33. Qc2 Ref7 34. e5 Qg3 35. Qe2 Rf2 36. Qe4 0-1

[Event "Schleswig Holstein-ch Seniors op 10th"]
[Site "Buesum"]
[Date "2016.09.26"]
[Round "1"]
[White "Grabow, Pouelsten Holm"]
[Black "Becker, Guenter"]
[Result "1-0"]
[WhiteElo "2109"]
[BlackElo "1821"]
[PlyCount "63"]
[EventDate "2016.09.26"]
[EventType "swiss"]
[EventRounds "9"]
[EventCountry "GER"]
[SourceTitle "EXT 2019"]
[Source "ChessBase"]
[SourceDate "2018.10.10"]
[SourceVersion "1"]
[SourceVersionDate "2018.10.10"]
[SourceQuality "1"]

1. Nf3 c6 2. c4 g6 3. d4 d5 4. cxd5 cxd5 5. Nc3 Bg7 6. Bf4 Nf6 7. Rc1 0-0 8. h3 Nc6 9. e3 Bd7 10. Bd3 Nb4 11. Bb1 Bc6 12. a3 Na6 13. b4 Nc7 14. 0-0 a6 15. a4 Ne6 16. Be5 b5 17. a5 Rc8 18. Nd2 Bh6 19. Bh2 Ng5 20. Bf4 Nh5 21. Bxg5 Bxg5 22. g4 Nf6 23. f4 Bh4 24. Nf3 Bg3 25. Kg2 Ne4 26. Nxe4 dxe4 27. Ne5 Bxf4 28. Nxc6 Rxc6 29. Rxc6 Bxe3 30. Bxe4 Qd7 31. d5 Rd8 32. Qf3 1-0

[Event "EU-ch Seniors 65 16th"]
[Site "Yerevan"]
[Date "2016.06.07"]
[Round "3"]
[White "Kuindzhy, Alexander"]
[Black "Grabow, Pouelsten Holm"]
[Result "1-0"]
[WhiteElo "2426"]
[BlackElo "2119"]
[PlyCount "89"]
[EventDate "2016.06.05"]
[EventType "swiss"]
[EventRounds "9"]
[EventCountry "ARM"]
[SourceTitle "CBM 172 Extra"]
[Source "ChessBase"]
[SourceDate "2016.06.21"]
[SourceVersion "1"]
[SourceVersionDate "2016.06.21"]
[SourceQuality "1"]

1. e4 e6 2. Qe2 Be7 3. f4 d5 4. d3 Nf6 5. Nf3 b6 6. e5 Nfd7 7. g3 c5 8. Bg2 Bb7 9. 0-0 Nc6 10. c4 d4 11. Nbd2 Qc7 12. Ne4 0-0-0 13. a3 Kb8 14. Bd2 Rde8 15. b4 f6 16. b5 Nd8 17. a4 Nf7 18. a5 fxe5 19. axb6 axb6 20. fxe5 Rhf8 21. Bf4 h6 22. h4 g5 23. hxg5 hxg5 24. Nfxg5 Nxg5 25. Nxg5 Bxg5 26. Bxg5 Rg8 27. Bf4 Ref8 28. Qa2 Bxg2 29. Qxg2 Qb7 30. Qc6 Rg6 31. Rf2 Qxc6 32. bxc6 Rxf4 33. Rxf4 Nxe5 34. Kg2 Kc7 35. Raf1 Nxd3 36. Rf6 Ne1+ 37. Kg1 Rxf6 38. Rxf6 d3 39. Kf2 Nc2 40. Rxe6 d2 41. Re7+ Kxc6 42. Ke2 Na3 43. Re6+ Kc7 44. Re4 Nb1 45. Re3 1-0

[Event "DEN-ch Seniors 65+"]
[Site "Koge"]
[Date "2016.02.26"]
[Round "6"]
[White "Grabow, Pouelsten Holm"]
[Black "Kolbak, Jens"]
[Result "1-0"]
[WhiteElo "2097"]
[BlackElo "2182"]
[PlyCount "107"]
[EventDate "2016.02.21"]
[EventType "swiss"]
[EventRounds "7"]
[EventCountry "DEN"]
[SourceTitle "EXT 2018"]
[Source "ChessBase"]
[SourceDate "2017.10.13"]
[SourceVersion "1"]
[SourceVersionDate "2017.10.13"]
[SourceQuality "1"]

1. Nf3 Nf6 2. c4 g6 3. g3 Bg7 4. Bg2 0-0 5. 0-0 d6 6. d4 c6 7. Nc3 Nbd7 8. e4 e5 9. h3 Re8 10. d5 cxd5 11. cxd5 Nc5 12. Ne1 a5 13. Nd3 b6 14. Nxc5 bxc5 15. Re1 Rb8 16. Bf1 Bd7 17. Qc2 Nh5 18. a4 f5 19. Bb5 fxe4 20. Qxe4 Rf8 21. Qg2 h6 22. Bxd7 Qxd7 23. Nb5 Rf7 24. Re2 Bf8 25. Bd2 Qd8 26. Ra3 Kh7 27. Rd3 Nf6 28. Bc3 Rbb7 29. Kh2 Nd7 30. Rf3 Nb8 31. Ree3 Rf5 32. g4 Rff7 33. Rxf7+ Rxf7 34. Rf3 Kg7 35. Rxf7+ Kxf7 36. Qf3+ Kg7 37. Na3 Nd7 38. Nc4 Nf6 39. Qd1 Qa8 40. Ne3 Be7 41. f3 c4 42. Kg2 Bd8 43. Qd2 Qa6 44. Qe2 Qa7 45. f4 exf4 46. Nxc4 Kh7 47. Qe6 Qe7 48. Bxf6 Qxf6 49. Qxf6 Bxf6 50. Nxd6 Bxb2 51. Nc4 Bf6 52. Nxa5 Kg7 53. Nc6 Kf7 54. a5 1-0

[Event "Gibraltar Challengers-B 13th"]
[Site "Caleta"]
[Date "2015.02.04"]
[Round "5"]
[White "Bengtsson, Jessica"]
[Black "Grabow, Pouelsten Holm"]
[Result "0-1"]
[WhiteElo "1971"]
[BlackElo "2134"]
[PlyCount "62"]
[EventDate "2015.01.31"]
[EventType "swiss"]
[EventRounds "5"]
[EventCountry "GGB"]
[SourceTitle "CBM 164 Extra"]
[Source "ChessBase"]
[SourceDate "2015.03.02"]
[SourceVersion "1"]
[SourceVersionDate "2015.03.02"]
[SourceQuality "1"]

1. e4 e6 2. d4 d5 3. e5 c5 4. c3 Nc6 5. Nf3 Bd7 6. Be2 Nge7 7. Na3 cxd4 8. cxd4 Rc8 9. Nc2 Nf5 10. 0-0 h5 11. Ne3 Nce7 12. Qb3 Qc7 13. Bd3 Nxe3 14. Bxe3 Nc6 15. Rac1 Be7 16. Bb1 Qb8 17. Bd2 a5 18. Qe3 Nb4 19. a3 Rxc1 20. Rxc1 Nc6 21. Qf4 Qd8 22. h4 Qb6 23. Bc3 Rg8 24. Bh7 Rf8 25. Bc2 Kd8 26. Ng5 f6 27. exf6 Rxf6 28. Qd2 e5 29. Nf3 Rxf3 30. gxf3 exd4 31. Bxd4 Nxd4 0-1

[Event "Gibraltar Challengers-B 13th"]
[Site "Caleta"]
[Date "2015.02.02"]
[Round "3"]
[White "Probst, Alexander"]
[Black "Grabow, Pouelsten Holm"]
[Result "1-0"]
[WhiteElo "1948"]
[BlackElo "2134"]
[PlyCount "38"]
[EventDate "2015.01.31"]
[EventType "swiss"]
[EventRounds "5"]
[EventCountry "GGB"]
[SourceTitle "CBM 164 Extra"]
[Source "ChessBase"]
[SourceDate "2015.03.02"]
[SourceVersion "1"]
[SourceVersionDate "2015.03.02"]
[SourceQuality "1"]

1. e4 e6 2. d4 d5 3. Nd2 a5 4. Ngf3 Nf6 5. Bd3 b6 6. 0-0 Be7 7. c4 c6 8. Re1 Ba6 9. Qe2 h6 10. b3 Bb4 11. exd5 cxd5 12. Bb2 0-0 13. Ne5 Ra7 14. a3 Bxd2 15. Qxd2 Rc7 16. Re3 Nc6 17. Rg3 Kh8 18. Rh3 Ng8 19. Nxc6 dxc4 1-0

[Event "Koge Xtracon op"]
[Site "Koge"]
[Date "2014.10.11"]
[Round "1"]
[White "Karlsson, Ulf"]
[Black "Grabow, Pouelsten Holm"]
[Result "0-1"]
[WhiteElo "2009"]
[BlackElo "2124"]
[PlyCount "122"]
[EventDate "2014.10.11"]
[EventType "swiss"]
[EventRounds "9"]
[EventCountry "DEN"]
[SourceTitle "EXT 2015"]
[Source "ChessBase"]
[SourceDate "2014.11.20"]
[SourceVersion "1"]
[SourceVersionDate "2014.11.20"]
[SourceQuality "1"]

1. e4 e6 2. d3 d5 3. Nd2 Nf6 4. g3 c5 5. Bg2 Nc6 6. Ngf3 Be7 7. 0-0 b6 8. Re1 Bb7 9. c3 Qc7 10. a3 a5 11. a4 Rd8 12. Qe2 h6 13. h4 Ba6 14. e5 Nd7 15. Nf1 Qb8 16. N1h2 b5 17. Bf1 b4 18. c4 dxc4 19. dxc4 b3 20. Bd2 Nb4 21. Red1 Nb6 22. Qe4 Bb7 23. Qg4 g6 24. Bxb4 cxb4 25. Rxd8+ Qxd8 26. Qf4 Nd7 27. Nd4 Qc7 28. Nhf3 g5 29. Qe3 gxh4 30. gxh4 Rg8+ 31. Kh2 Nf6 32. Bh3 Bc5 33. Re1 Rg6 34. Qd3 Nh5 35. Qd2 Qb6 36. Rg1 Rxg1 37. Kxg1 Bf8 38. Bg2 Qd8 39. Qe3 Bg7 40. Nb5 Qd1+ 41. Kh2 Kf8 42. Nd6 Bxe5+ 43. Qxe5 Bxf3 44. Qh8+ Ke7 45. Nc8+ Kd7 46. Nb6+ Kc7 47. Na8+ Kb7 48. Qg8 Qd6+ 49. Kg1 Bxg2 50. Qxg2+ Ka7 51. Qf3 Nf4 52. c5 Qe5 53. Nb6 Qxc5 54. Nd7 Qd6 55. Qe3+ Kb7 56. Nc5+ Kc6 57. Ne4 Qe5 58. f3 f5 59. Qc1+ Kd7 60. Qd2+ Ke7 61. Kf2 fxe4 0-1

[Event "WchT Seniors 65"]
[Site "Vilnius"]
[Date "2014.07.14"]
[Round "2.2"]
[White "Grabow, Pouelsten Holm"]
[Black "Wheeler, John Francis"]
[Result "1/2-1/2"]
[WhiteElo "2170"]
[BlackElo "2121"]
[PlyCount "34"]
[EventDate "2014.07.13"]
[EventType "team-swiss"]
[EventRounds "9"]
[EventCountry "LTU"]
[SourceTitle "CBM 161 Extra"]
[Source "ChessBase"]
[SourceDate "2014.08.29"]
[SourceVersion "1"]
[SourceVersionDate "2014.08.29"]
[SourceQuality "1"]
[WhiteTeam "Denmark"]
[BlackTeam "England"]
[WhiteTeamCountry "DEN"]
[BlackTeamCountry "ENG"]

1. c4 c6 2. d4 d5 3. cxd5 cxd5 4. Nc3 e5 5. e3 e4 6. Bd2 Nf6 7. Nge2 Nc6 8. Nf4 a6 9. Rc1 Be7 10. h4 0-0 11. Be2 Be6 12. Na4 Rc8 13. g3 b5 14. Nc5 Bxc5 15. Rxc5 Nd7 16. Rc1 Nb6 17. b3 Qd6 1/2-1/2

[Event "Balaton op 32nd"]
[Site "Balatonboglar"]
[Date "2014.06.22"]
[Round "9"]
[White "Grabow, Pouelsten Holm"]
[Black "Aczel, Gergely"]
[Result "1-0"]
[WhiteElo "2170"]
[BlackElo "2464"]
[PlyCount "99"]
[EventDate "2014.06.14"]
[EventType "swiss"]
[EventRounds "9"]
[EventCountry "HUN"]
[SourceTitle "EXT 2015"]
[Source "ChessBase"]
[SourceDate "2014.11.20"]
[SourceVersion "1"]
[SourceVersionDate "2014.11.20"]
[SourceQuality "1"]

1. d4 f5 2. Nf3 Nf6 3. g3 e6 4. Bg2 d5 5. Bf4 Bd6 6. Bxd6 cxd6 7. 0-0 0-0 8. Nbd2 b5 9. a4 b4 10. c4 bxc3 11. bxc3 Nc6 12. c4 Nb4 13. Ne1 Rb8 14. Nc2 dxc4 15. Nxc4 Ba6 16. N2e3 f4 17. gxf4 Nh5 18. Bf3 Nxf4 19. Kh1 Nh3 20. Rb1 Rxf3 21. exf3 d5 22. Ne5 Bxf1 23. Qxf1 Nf4 24. Ng2 Nxg2 25. Qxg2 Nd3 26. Rg1 Qf6 27. Nxd3 Qxd4 28. Qg4 Qxg4 29. Rxg4 Rc8 30. Rb4 Kf7 31. Kg2 Rc7 32. a5 Kf6 33. f4 Kf5 34. Kf3 g5 35. Ke3 h6 36. fxg5 hxg5 37. Kd4 Rh7 38. a6 Rxh2 39. Rb7 Rh4+ 40. Kc5 Ke4 41. Nb4 Kf3 42. Rxa7 Kxf2 43. Re7 Rc4+ 44. Kb5 Rc8 45. Rxe6 g4 46. Nxd5 g3 47. Nf4 Rf8 48. a7 Kf3 49. Nh3 g2 50. Rb6 1-0

[Event "Balaton op 32nd"]
[Site "Balatonboglar"]
[Date "2014.06.16"]
[Round "3"]
[White "Farago, Ivan"]
[Black "Grabow, Pouelsten Holm"]
[Result "1-0"]
[WhiteElo "2441"]
[BlackElo "2147"]
[PlyCount "67"]
[EventDate "2014.06.14"]
[EventType "swiss"]
[EventRounds "9"]
[EventCountry "HUN"]
[SourceTitle "EXT 2015"]
[Source "ChessBase"]
[SourceDate "2014.11.20"]
[SourceVersion "1"]
[SourceVersionDate "2014.11.20"]
[SourceQuality "1"]

1. d4 d5 2. c4 e6 3. Nf3 Nf6 4. Nc3 Be7 5. Bf4 c5 6. dxc5 Bxc5 7. e3 0-0 8. cxd5 Nxd5 9. Nxd5 exd5 10. a3 Nc6 11. Bd3 d4 12. Bxh7+ Kh8 13. Bb1 dxe3 14. Qc2 Qa5+ 15. b4 Bxb4+ 16. axb4 Qxb4+ 17. Kf1 e2+ 18. Kxe2 g6 19. Qd2 Re8+ 20. Be3 Qb5+ 21. Bd3 Qh5 22. Kf1 Kg8 23. Be2 Bg4 24. h3 Qh8 25. Rc1 Ne5 26. Nxe5 Bxe2+ 27. Qxe2 Qxe5 28. g3 a5 29. Qf3 Re7 30. Kg2 a4 31. Rhd1 a3 32. Bc5 Re6 33. Bxa3 Rf6 34. Qd3 1-0

[Event "EU-ch Seniors 65 Blitz"]
[Site "Porto"]
[Date "2014.03.21"]
[Round "6"]
[White "Brandao, Alvaro"]
[Black "Grabow, Pouelsten Holm"]
[Result "0-1"]
[WhiteElo "1628"]
[BlackElo "2095"]
[PlyCount "66"]
[EventDate "2014.03.21"]
[EventType "swiss (blitz)"]
[EventRounds "9"]
[EventCountry "POR"]
[SourceTitle "EXT 2015"]
[Source "ChessBase"]
[SourceDate "2014.11.20"]
[SourceVersion "1"]
[SourceVersionDate "2014.11.20"]
[SourceQuality "1"]

1. Nf3 Nf6 2. b3 d5 3. Bb2 c6 4. g3 Nbd7 5. Bg2 g6 6. d3 Bg7 7. 0-0 0-0 8. Nbd2 Re8 9. Rb1 e5 10. e4 d4 11. Re1 Qc7 12. Nf1 Nf8 13. N3d2 Ne6 14. Nc4 b5 15. Ncd2 a5 16. Bh3 Ng5 17. Bxc8 Qxc8 18. Nf3 Nh3+ 19. Kg2 Ng4 20. Re2 Nhxf2 21. Rxf2 Nxf2 22. Kxf2 f5 23. Bc1 a4 24. bxa4 Rxa4 25. a3 Rf8 26. Ke2 Qe6 27. Rb4 Rxb4 28. axb4 h6 29. exf5 gxf5 30. Qd2 e4 31. Nxd4 Bxd4 32. c3 exd3+ 33. Kxd3 Qe4# 0-1

[Event "EU-ch Seniors 65 Blitz"]
[Site "Porto"]
[Date "2014.03.21"]
[Round "1"]
[White "Grabow, Pouelsten Holm"]
[Black "Beznosikov, Vladimir"]
[Result "1/2-1/2"]
[WhiteElo "2095"]
[BlackElo "2368"]
[PlyCount "92"]
[EventDate "2014.03.21"]
[EventType "swiss (blitz)"]
[EventRounds "9"]
[EventCountry "POR"]
[SourceTitle "EXT 2015"]
[Source "ChessBase"]
[SourceDate "2014.11.20"]
[SourceVersion "1"]
[SourceVersionDate "2014.11.20"]
[SourceQuality "1"]

1. c4 e5 2. Nc3 Nc6 3. g3 g6 4. Bg2 Bg7 5. d3 Nge7 6. Nf3 0-0 7. 0-0 d5 8. cxd5 Nxd5 9. Bd2 Nde7 10. Rc1 h6 11. Ne1 Be6 12. Nc2 Nd5 13. Nxd5 Bxd5 14. Ne3 Bxg2 15. Kxg2 Nd4 16. Nc2 Qd5+ 17. Kg1 Qxa2 18. Nxd4 exd4 19. Rxc7 Qxb2 20. Qc1 Qxc1 21. Rfxc1 b6 22. Rb7 Rfb8 23. Rd7 Rc8 24. Rxc8+ Rxc8 25. Rxa7 Rc2 26. Bb4 Rb2 27. Bd6 Rxe2 28. Ra8+ Kh7 29. Ra7 Re6 30. Bb4 Rf6 31. f4 g5 32. fxg5 hxg5 33. Rd7 Rf5 34. Rb7 Rf3 35. Rxb6 Rxd3 36. Kg2 Rb3 37. Bc5 Rxb6 38. Bxb6 g4 39. Kf2 f5 40. Ke2 Be5 41. Kd3 f4 42. gxf4 Bxf4 43. Bxd4 Bxh2 44. Ke2 Kg6 45. Kf1 Kf5 46. Kg2 Bf4 1/2-1/2